| 000 | 00782nam a2200229Ia 4500 | ||
|---|---|---|---|
| 003 | GCL | ||
| 008 | 140319s9999 xx 000 0 ara d | ||
| 040 |
_aGCL / _cGCL |
||
| 082 | 0 | 4 |
_a332 _bد س |
| 100 | 1 | _aسعدالدين محمد الشيال | |
| 245 | 1 | 0 |
_aنظرية اقتصاديات الوحدة, نظريات واسئلة / _cسعدالدين محمد الشيال |
| 700 | 1 | _aنزية احمد ضيف | |
| 700 | 1 | _aسلفاتور دوميتيك | |
| 260 |
_a[S.N] : _bدار ماكجروهيل للنشر ، _c1983 |
||
| 300 | _a368 ص | ||
| 490 |
_aسلسلة ملخصات شوم _v0 |
||
| 650 | 0 | 4 | _aالاقتصاد |
| 650 | 0 | 4 | _aالاحوال الاقتصادية |
| 650 | 0 | 4 | _aالنظم الاقتصادية |
| 650 | 0 | 4 | _aنظريات |
| 942 |
_2ddc _cBK |
||
| 999 |
_c31315 _d31315 |
||